| 000 | 00746nam a2200217Ia 4500 | ||
|---|---|---|---|
| 005 | 20220211150048.0 | ||
| 008 | 210716s2004 xx 000 0 und d | ||
| 020 | _a8180541487 | ||
| 040 | _cAIMIT LIBRARY | ||
| 041 | _aeng | ||
| 082 |
_a658.001 _218 _bVARR |
||
| 100 |
_aVarshney, R L. _919360 |
||
| 245 |
_aManagerial economics: _btext and cases / _cBy R. L.Varshney and K. L.Maheshwari. |
||
| 250 |
_a18th ed. _bEighteenth Revised and Enlarged Edition |
||
| 260 |
_aNew Delhi : _bSultan Chand & Sons _c2004 . |
||
| 300 |
_axviii, 651, A-168 _c24 cm. |
||
| 650 |
_aDemand Analysis and Forecasting. _919361 |
||
| 650 |
_aProduction and Supply Analysis _919362 |
||
| 700 |
_aK. L. Maheshwari. _919363 |
||
| 942 |
_2ddc _cBK _e18th _k658.001 VARR |
||
| 999 |
_c197896 _d197896 |
||